000 01095cam a22003137a 4500
003 CHAP
005 20220329133702.0
008 971013s1993 r 00010 d
010 _a9477
011 _a10449
020 _a9684601034
035 _a9686
040 _cCHAP
082 _a636.089
_bP7 1993-94
245 0 _aProntuario de especialidades veterinarias
250 _a14 ed.
260 _aMéxico, D. F. :
_bPLM,
_c1993-94
300 _ac.a. 900 p
590 _aBATCH-UPD
_b10
_c20130110
_lUCH01
_h0309
590 _aCONVERSION
_b10
_c20130109
_lUCH01
_h1306
650 1 4 _aVeterinaria
_xLaboratorios.
_9119000
650 1 4 _aVeterinaria
_xMedicamentos.
_9119002
901 _aBK
942 _cLIBRO
949 _a636.089 P7 1993-94
_bBC
_cC
_d33724000664280
_eC
_fc.3
_gI.172029
_h85548
_i9686
_si
_t125.00
949 _a636.089 P7 1993-94
_bBC
_cC
_d33724000749974
_eC
_fc.2
_gI.172028
_h85547
_i9686
_sb
_t125.00
949 _a636.089 P7 1993-94
_bBC
_cC
_d33724000789962
_eC
_gI.172027
_h85546
_i9686
_si
_t125.00
949 _a636.089 P7 1993-94
_bBC
_cC
_d33724002015446
_eC
_fc.4
_gDonaciØn
_h103223
_i9686
_sb
999 _c9477
_d9477